|
|
|
|
| LEADER |
00000nam a22000007a 4500 |
| 008 |
240708b |||||||| |||| 00| 0 eng d |
| 020 |
|
|
|a 9780367743758
|
| 245 |
|
|
|a Graph theory : an introduction to proofs, algorithms, and applications
|c / Karin R. Saoub
|g xv, 421p;ill
|
| 260 |
|
|
|b CRC Press
|c 2021
|h Boca Raton, FL
|i 702285
|i 702286
|l QA166.Sa6
|m Graph theory
|
| 500 |
|
|
|a it includes reference and index
|
| 942 |
|
|
|a lcc
|c BK
|e Johnson
|f 08/7/24
|
| 952 |
|
|
|0 0
|1 0
|2 lcc
|4 0
|6 QA0166 S A6
|7 0
|9 5379
|a SL
|b HOL
|d 2024-07-08
|l 0
|o QA166.Sa6
|p 2024-0620
|r 2024-07-08 00:00:00
|t 702285
|w 2024-07-08
|y BK
|
| 952 |
|
|
|0 0
|1 0
|2 lcc
|4 0
|6 QA0166 S A6
|7 0
|9 5380
|a HOL
|b HOL
|d 2024-07-08
|l 0
|o QA166.Sa6
|p 2024-0621
|r 2024-07-08 00:00:00
|t 702286
|w 2024-07-08
|y BK
|
| 999 |
|
|
|c 2660
|d 2660
|